Clash Royale: Giants Edition - Statistics

General Stats
  • This quiz has been taken 20 times
  • The average score is 5 of 7
Answer Stats
Hint Answer % Correct
Win condition Giant
100%
Win condition Goblin giant
93%
Hero Hero giant
87%
Range win condition Royal giant
87%
Win condition Electro giant
73%
Tank troop Skeleton giant
53%
Spell Giant snowball
47%
No matching quizzes found
Score Distribution
Percent of People with Each Score
Percentile by Number Answered
Your Score History
You have not taken this quiz